Suomen kansallispuistojen logot - Statistics

General Stats
  • This quiz has been taken 112 times
  • The average score is 10 of 40
Answer Stats
Picture Answer % Correct
Urho Kekkosen kansallispuisto
77%
Nuuksion kansallispuisto
67%
Kolin kansallispuisto
50%
Repoveden kansallispuisto
49%
Helvetinjärven kansallispuisto
47%
Pallas-Yllästunturin kansallispuisto
40%
Lemmenjoen kansallispuisto
37%
Hossan kansallispuisto
33%
Seitsemisen kansallispuisto
33%
Saaristomeren kansallispuisto
32%
Sipoonkorven kansallispuisto
32%
Sallan kansallispuisto
27%
Oulangan kansallispuisto
26%
Salamajärven kansallispuisto
24%
Patvinsuon kansallispuisto
23%
Perämeren kansallispuisto
22%
Pyhä-Luoston kansallispuisto
21%
Riisitunturin kansallispuisto
21%
Teijon kansallispuisto
18%
Torronsuon kansallispuisto
18%
Valkmusan kansallispuisto
18%
Syötteen kansallispuisto
17%
Pyhä-Häkin kansallispuisto
16%
Rokuan kansallispuisto
16%
Isojärven kansallispuisto
14%
Päijänteen kansallispuisto
14%
Petkeljärven kansallispuisto
14%
Selkämeren kansallispuisto
14%
Etelä-Konneveden kansallispuisto
13%
Kauhanevan-Pohjankankaan kansallispuisto
13%
Koloveden kansallispuisto
13%
Liesjärven kansallispuisto
13%
Lauhanvuoren kansallispuisto
12%
Linnansaaren kansallispuisto
12%
Hiidenportin kansallispuisto
11%
Itäisen-Suomenlahden kansallispuisto
11%
Leivonmäen kansallispuisto
11%
Puurijärven ja Isosuon kansallispuisto
11%
Tammisaaren saariston kansallispuisto
11%
Tiilikkajärven kansallispuisto
10%
No matching quizzes found
Score Distribution
Percent of People with Each Score
Percentile by Number Answered
Your Score History
You have not taken this quiz